000 00863nam a2200217Ii 4500
003 JO-AjNU
008 230605s9999||||xx |||||||||||||| ||und||
017 _a1986/12/490
040 _aJO-AjNU
_bara
_erda
_cJO-AjNU
041 _aara
050 1 4 _aKMM107.5.H3588.1987
100 3 _a الحموري، محمد خليل ,
_eauthor
_947102
245 0 0 _aحماية أقلية المساهمين أو الشركاء في الشركة المساهمة الخصوصية والشركة ذات المسئولية المحدودة " دراسة مقارنة وحلول مقترحة "
250 _aط1
264 3 1 _aعمان : د ، ن ، 1987
300 _a191ص
336 _atext
_btxt
_2rdacontent
337 _aunmediated
_bn
_2rdamedia
338 _avolume
_bnc
_2rdacarrier
650 4 _aالشركات -- قوانين وتشريعات -- الاردن
_947103
999 _aA20538
_c24106
_d24106